Implementation of ombudsman plan in India (Record no. 354361)

000 -LEADER
fixed length control field 00350cam a22001217a 4500
008 - FIXED-LENGTH DATA ELEMENTS--GENERAL INFORMATION
fixed length control field 180718b1981 xxu||||| |||| 00| 0 eng d
082 ## - DEWEY DECIMAL CLASSIFICATION NUMBER
Classification number B301x54 Sh23
100 ## - MAIN ENTRY--PERSONAL NAME
Personal name Sharma, Girdhar B.
245 ## - TITLE STATEMENT
Title Implementation of ombudsman plan in India
Statement of responsibility, etc. by Girdhar B. Sharma
260 ## - PUBLICATION, DISTRIBUTION, ETC.
Place of publication, distribution, etc. Delhi
Name of publisher, distributor, etc. Ashish
Date of publication, distribution, etc. 1981
300 ## - PHYSICAL DESCRIPTION
Extent 268p.
650 ## - SUBJECT ADDED ENTRY--TOPICAL TERM
Topical term or geographic name entry element Ombudspersons --India.
Holdings
Withdrawn status Lost status Damaged status Not for loan Permanent Location Current Location Date acquired Full call number Barcode Date last seen Price effective from Koha item type
        Indian Institute of Public Administration Indian Institute of Public Administration 1993-12-09 B301x54 Sh23 57225 2018-07-21 2018-07-21 Book

Powered by Koha